00502nam a2200193 a 4500001001300000003000900013005001700022008004100039020001000080082001300090100002100103245005900124260002500183300000800208500003500216505001000251650002600261700002100287nice12345678IN_TiNIC20260116011251.0050524s1963 lona grp 000 0 eng  ac10000a231bHOD aHodgson, Leonard aHow Can God Be Both One and Three? Questions at Issue. aLondon bSPCK c1963 a19p aincludes index and biblioraphy2 aIndex aGod-Biblical Teaching1 aHodgson, Leonard